Quiz Histoire Algérie - Statistics

General Stats
  • This quiz has been taken 123 times
  • The average score is 5 of 11
Answer Stats
Hint Answer % Correct
Dans quel ville se trouve le monument dédié au soldats morts pendant la guerre d'indépendance de l'Algérie Alger
90%
Quel est la date d'indépendance de l'Algérie 5 juillet 1962
76%
Quel est le nom du plus grand joueur de foot algérien de l'histoire qui a joué en Equipe de France mais qui est né de deux parents algériens Zinédine Zidane
70%
Quand l'Algérie a gagné sa toute dernière Coupe d'Afrique des Nations au football 2019
66%
Dans quelle ville s'est passé le massacre du 8 mai 1945 Sétif
61%
Qui a été le premier président de l'Algérie Ahmed Ben Bella
56%
Comment s'appelle l'Aéroport International d'Alger Houari Boumédiène
54%
Quel chanteur français est né en Algérie, à Oran de parents pieds noirs Enrico Macias
15%
Comment s'appelle le jardin où a été tourné le film Tarzan à Alger Hamma
13%
Quelle ville d'Algérie est connue pour être la maison des Touaregs Tamanrasset
13%
Comment s'appelle le plus grand mont d'Algérie Mont Tahat
4%
No matching quizzes found
Score Distribution
Percent of People with Each Score
Percentile by Number Answered
Your Score History
You have not taken this quiz